000 00581nam a2200181Ia 4500
008 090124s9999 xx 000 0 und d
082 _b2511
_a422
100 _aदोंदे मोरेश्र्वर वासुदेव
245 _a भरत-भाव
250 _a1
260 _c1924
300 _a96
600 _aदोंदे मोरेश्र्वर वासुदेव
630 _a भरत-भाव
700 _aदोंदे मोरेश्र्वर वासुदेव
730 _a भरत-भाव
942 _cBOOK
999 _c116457
_d116457